東都出身の現役選手(2026) - Statistics

General Stats
  • This quiz has been taken 13 times
  • The average score is 59 of 114
Answer Stats
大学名 現所属 ポジション 選手名 % Correct
青山学院 広島 投手 常廣羽也斗
89%
亜細亜 DeNA 投手 山﨑康晃
89%
國學院 ロッテ 内野手 山﨑剛
89%
青山学院 DeNA 内野手 小田康一郎
78%
青山学院* 巨人 内野手 泉口友汰
78%
青山学院 中日 投手 中西聖輝
78%
青山学院 中日 捕手 加藤匠馬
78%
青山学院 ロッテ 外野手 西川史礁
78%
亜細亜 中日 内野手 田中幹也
78%
亜細亜* ヤクルト 投手 松本健吾
78%
亜細亜 ソフトバンク 投手 松本晴
78%
東洋* DeNA 内野手 加藤響
78%
東洋* 楽天 投手 藤井聖
78%
東洋 ロッテ 捕手 佐藤都志也
78%
中央 DeNA 内野手 牧秀悟
78%
中央 巨人 投手 西舘勇陽
78%
中央* ヤクルト 内野手 石井巧
78%
中央* ソフトバンク 投手 伊藤優輔
78%
國學院 楽天 投手 田中千晴
78%
駒澤* 日本ハム 投手 伊藤大海
78%
専修 ヤクルト 投手 西舘昂汰
78%
拓殖* ソフトバンク 内野手 野村勇
78%
立正 楽天 内野手 伊藤裕季也
78%
東京農業* ヤクルト 内野手 伊藤琉偉
78%
青山学院 阪神 投手 下村海翔
67%
青山学院 広島 内野手 佐々木泰
67%
青山学院 ヤクルト 投手 石川雅規
67%
青山学院* オリックス 捕手 山中稜真
67%
青山学院 楽天 外野手 中島大輔
67%
亜細亜 阪神 投手 髙橋遥人
67%
亜細亜 ソフトバンク 投手 東浜巨
67%
亜細亜* ロッテ 内野手 藤岡裕大
67%
東洋* 巨人 外野手 佐々木俊輔
67%
東洋 オリックス 内野手 中川圭太
67%
中央* ソフトバンク 内野手 髙橋隆慶
67%
中央 西武 捕手 古賀悠斗
67%
國學院 オリックス 捕手 福永奨
67%
國學院 ロッテ 内野手 小川龍成
67%
駒澤* DeNA 捕手 戸柱恭孝
67%
専修* 中日 内野手 福永裕基
67%
立正 日本ハム 内野手 奈良間大己
67%
東京農業 ロッテ 投手 宮﨑颯
67%
青山学院* オリックス 外野手 杉本裕太郎
56%
亜細亜 ソフトバンク 投手 中村稔弥
56%
亜細亜 ソフトバンク 捕手 嶺井博希
56%
東洋 阪神 投手 村上頌樹
56%
東洋 DeNA 内野手 石上泰輝
56%
東洋* 広島 外野手 末包昇大
56%
東洋 ソフトバンク 投手 上茶谷大河
56%
東洋 楽天 内野手 鈴木大地
56%
中央 阪神 外野手 森下翔太
56%
中央 DeNA 投手 石田裕太郎
56%
中央 日本ハム 外野手 五十幡亮汰
56%
中央 楽天 内野手 繁永晟
56%
中央 西武 投手 岩城颯空
56%
國學院 ヤクルト 投手 清水昇
56%
國學院 西武 投手 武内夏暉
56%
駒澤 DeNA 内野手 林琢真
56%
駒澤 中日 外野手 鵜飼航丞
56%
日本 阪神 内野手 谷端将伍
56%
日本* 日本ハム 内野手 上川畑大悟
56%
専修 西武 投手 高橋礼
56%
専修 ロッテ 投手 菊地吏玖
56%
拓殖* 西武 外野手 岸潤一郎
56%
立正 巨人 投手 林燦
56%
亜細亜 阪神 投手 岡留英貴
44%
亜細亜 中日 投手 草加翔
44%
亜細亜 広島 内野手 矢野雅哉
44%
亜細亜 オリックス 投手 九里亜蓮
44%
東洋 DeNA 投手 島田舜也
44%
東洋 DeNA 内野手 宮下朝陽
44%
東洋 中日 外野手 花田旭
44%
東洋 ソフトバンク 投手 岩崎峻典
44%
東洋 日本ハム 投手 細野晴希
44%
東洋 西武 投手 甲斐野央
44%
中央 ヤクルト 内野手 北村恵吾
44%
駒澤* 中日 外野手 大島洋平
44%
駒澤 ソフトバンク 外野手 緒方理貢
44%
日本 DeNA 内野手 京田陽太
44%
日本 巨人 投手 赤星優志
44%
立正 楽天 外野手 小郷裕哉
44%
立正* 西武 投手 糸川亮太
44%
国士舘 阪神 投手 岩崎優
44%
国士舘 ロッテ 内野手 池田来翔
44%
国士舘 ロッテ 外野手 髙部瑛斗
44%
亜細亜* 阪神 内野手 木浪聖也
33%
亜細亜 巨人 投手 山城京平
33%
亜細亜 広島 投手 齊藤汰直
33%
亜細亜 オリックス 捕手 頓宮裕真
33%
亜細亜 西武 投手 青山美夏人
33%
中央 巨人 外野手 皆川岳飛
33%
國學院 DeNA 内野手 柴田竜拓
33%
國學院* ヤクルト 投手 吉村貢司郎
33%
駒澤 巨人 外野手 若林楽人
33%
立正 西武 投手 黒木優太
33%
上智 西武 投手 正木悠馬
33%
亜細亜 巨人 投手 平内龍太
22%
亜細亜 ソフトバンク 外野手 重松凱人
22%
亜細亜 ロッテ 投手 河村説人
22%
東洋 中日 投手 梅津晃大
22%
中央 DeNA 外野手 神里和毅
22%
日本* 西武 投手 森脇亮介
22%
立正* ロッテ 内野手 立松由宇
22%
国士舘* ヤクルト 投手 荘司宏太
22%
亜細亜 中日 内野手 板山祐太郎
11%
東洋 ロッテ 投手 一條力真
11%
國學院 日本ハム 投手 杉浦稔大
11%
國學院* 楽天 投手 江原雅裕
11%
東京農業 ソフトバンク 投手 宮里優吾
11%
國學院 DeNA 投手 坂口翔颯
0%
國學院* オリックス 投手 横山楓
0%
國學院* オリックス 投手 マシュー
0%
駒澤* オリックス 外野手 三方陽登
0%
国士舘* オリックス 投手 芦田丈飛
0%
No matching quizzes found
Score Distribution
Percent of People with Each Score
Percentile by Number Answered
Your Score History
You have not taken this quiz